[Event "Erbil Khanzad op 14th"]
[Site "Erbil"]
[Date "2019.12.16"]
[Round "8.1"]
[White "Mohammed, Zozek Salah Mohamme"]
[Black "Issa, Mohi Al Dein"]
[Result "1-0"]
[WhiteElo "2213"]
[BlackElo "2085"]
[PlyCount "119"]
[EventDate "2019.12.12"]
[EventType "swiss"]
[EventRounds "9"]
[EventCountry "IRQ"]
[SourceTitle "CBM 193 Extra"]
[Source "ChessBase"]
[SourceDate "2020.01.31"]
[SourceVersion "1"]
[SourceVersionDate "2020.01.31"]
[SourceQuality "1"]

1. d4 Nf6 2. Nf3 g6 3. g3 Bg7 4. Bg2 c5 5. 0-0 cxd4 6. Nxd4 0-0 7. c4 Nc6 8. Nc3 Ne5 9. b3 d6 10. Bb2 Rb8 11. h3 a6 12. Qd2 Bd7 13. Kh2 Qa5 14. Rfd1 Bh6 15. f4 Qd8 16. Nd5 Nxd5 17. cxd5 Be8 18. Qc3 Rc8 19. Qb4 a5 20. Qd2 Nd7 21. Bc3 Ra8 22. Rac1 Bg7 23. e4 Nc5 24. Ne2 Bxc3 25. Rxc3 Bd7 26. e5 Qb6 27. Nd4 a4 28. exd6 exd6 29. f5 axb3 30. axb3 Kg7 31. f6+ Kh8 32. Qh6 Rg8 33. Re3 Qd8 34. Re7 Qf8 35. Qxf8 Rgxf8 36. b4 Ba4 37. Ra1 Nd7 38. Rxa4 Rxa4 39. Rxd7 Rxb4 40. Ne6 fxe6 41. dxe6 Rxf6 42. e7 Re6 43. Rd8+ Kg7 44. e8Q Rxe8 45. Rxe8 Kf6 46. h4 b5 47. Rh8 Rb2 48. Rxh7 b4 49. Rb7 d5 50. Rb6+ Ke7 51. Kh3 d4 52. Be4 Kd7 53. Rxg6 Re2 54. Bf5+ Kc7 55. Rg4 Rd2 56. h5 Rd1 57. Kg2 Rd2+ 58. Kf3 Rh2 59. Rh4 Rxh4 60. gxh4 1-0

[Event "Erbil Khanzad op 14th"]
[Site "Erbil"]
[Date "2019.12.15"]
[Round "7.2"]
[White "Didar, Mohammed Zhaher"]
[Black "Issa, Mohi Al Dein"]
[Result "1/2-1/2"]
[WhiteElo "2136"]
[BlackElo "2085"]
[PlyCount "140"]
[EventDate "2019.12.12"]
[EventType "swiss"]
[EventRounds "9"]
[EventCountry "IRQ"]
[SourceTitle "CBM 193 Extra"]
[Source "ChessBase"]
[SourceDate "2020.01.31"]
[SourceVersion "1"]
[SourceVersionDate "2020.01.31"]
[SourceQuality "1"]

1. d4 Nf6 2. Nf3 g6 3. c4 Bg7 4. Nc3 0-0 5. e4 d6 6. Be2 Nbd7 7. 0-0 e5 8. d5 h6 9. Ne1 Nc5 10. Qc2 a5 11. f3 Nh5 12. g3 f5 13. Nd3 Nxd3 14. Bxd3 f4 15. g4 Nf6 16. h3 Nh7 17. Qg2 Bf6 18. Bd2 Bh4 19. Be1 Bd7 20. Kh2 Be7 21. b3 Kf7 22. Ne2 Rh8 23. Rh1 h5 24. Kg1 hxg4 25. hxg4 Ng5 26. Bc3 Rxh1+ 27. Qxh1 Qb8 28. Kg2 Qa7 29. Qg1 Bxg4 30. fxg4 f3+ 31. Kf1 fxe2+ 32. Kxe2 Qxg1 33. Rxg1 Rh8 34. Rf1+ Kg7 35. a3 b6 36. Be1 Nh3 37. Bg3 Bh4 38. Bh2 Bg5 39. Bg3 Bf4 40. Be1 Bc1 41. Bd2 Bxa3 42. Kf3 Bb4 43. Bc1 Bc5 44. Kg2 g5 45. Be2 Nf4+ 46. Bxf4 exf4 47. Bf3 Kf6 48. Rd1 Ke5 49. Rd3 Bd4 50. Rd2 Be3 51. Rd1 Ra8 52. Rh1 a4 53. bxa4 Rxa4 54. Rh5 Ra2+ 55. Kh3 Kf6 56. e5+ dxe5 57. Rh6+ Kg7 58. Rc6 Ra7 59. Be4 f3 60. Bxf3 Bf4 61. Kg2 e4 62. Bxe4 Bd6 63. Bd3 Ra3 64. Be2 Kf6 65. c5 bxc5 66. Ra6 Rxa6 67. Bxa6 Ke5 68. Kf3 Kxd5 69. Ke3 c4 70. Kd2 Kd4 1/2-1/2

[Event "Erbil Khanzad op 14th"]
[Site "Erbil"]
[Date "2019.12.15"]
[Round "6.3"]
[White "Issa, Mohi Al Dein"]
[Black "Chiya, Mder Hamad"]
[Result "1-0"]
[WhiteElo "2085"]
[BlackElo "2063"]
[PlyCount "85"]
[EventDate "2019.12.12"]
[EventType "swiss"]
[EventRounds "9"]
[EventCountry "IRQ"]
[SourceTitle "CBM 193 Extra"]
[Source "ChessBase"]
[SourceDate "2020.01.31"]
[SourceVersion "1"]
[SourceVersionDate "2020.01.31"]
[SourceQuality "1"]

1. c4 b6 2. Nc3 Bb7 3. Nf3 Nf6 4. g3 g6 5. Bg2 Bg7 6. d4 0-0 7. 0-0 d6 8. d5 Nbd7 9. Nd4 Re8 10. Rb1 Rb8 11. b4 Ne5 12. Qb3 e6 13. dxe6 fxe6 14. f4 Neg4 15. Bxb7 Rxb7 16. Nc6 Qd7 17. b5 Qf7 18. e4 Nd7 19. Ne2 Nc5 20. Qf3 Nf6 21. Nc3 Nfd7 22. Bd2 Nb8 23. Nb4 a5 24. bxa6 Nbxa6 25. Nxa6 Nxa6 26. e5 Rbb8 27. exd6 cxd6 28. Ne4 Qc7 29. Bc3 d5 30. cxd5 exd5 31. Nf6+ Bxf6 32. Bxf6 Qc5+ 33. Kh1 Re3 34. Qg2 Rbe8 35. Rfd1 Nb4 36. Bd4 Re1+ 37. Rxe1 Rxe1+ 38. Rxe1 Qxd4 39. Qe2 Nd3 40. Qe3 Qc4 41. Rd1 Nb2 42. Qe8+ Kg7 43. Qe5+ 1-0